000 00521nam a2200217Ia 4500
003 0100
008 130307s9999 xx 000 0 und d
020 _a0060902183
040 _cARRUPELIB
050 _aBF173.F85.F76 1972
100 _aFromm, Erich
245 _aSigmund Freud's Mission
245 _ban analysis of his personality and influence
260 _aNew York
260 _bHarper and Row, Publishers
260 _c1972
300 _a129p.
300 _b20cm.
650 _aPSYCHOLOGY
942 0 0 _01
999 _c95142
_d95142